00550cam a22002291 4500001001300000003000400013005001700017008004100034010001700075025001900092035002000111040002100131042001200152050002000164100003100184245003200215260001100247300001800258500001600276500001100292999001700303sa 64003731 DLC20260227112019.0940517s1952 ii 000 0 beno  asa 64003731  aPL480:EP-B-266 a(OCoLC)30451206 aDLCcCUdCUdDLC apremarc00aPK1718.K483bN31 aKhan, Abdur Rashid,d1927-10aNakshatra, mānusha, mana. c[1952] a58 p.c22 cm. aIn Bengali. aPoems. c58097d58097